000 00277nam a2200097Ia 4500
008 221009s9999 xx 000 0 und d
100 _aS C Gupta
245 0 _aCorrect इंगलिश Writing टारगेट कोर्स
260 _bArihant Publications
942 _cBK
999 _c65156
_d65156